Which Player Has Won The Most...... - Statistics

General Stats
  • This quiz has been taken 155 times
  • The average score is 8 of 14
Answer Stats
Answer % Correct
Ryan Giggs
90%
Gerard Pique + 4
88%
Luka Modric + 4
86%
Luka Modric + 2
84%
Thomas Muller
80%
Pele
79%
Gianluigi Buffon + 2
61%
Gianluigi Buffon
60%
Marquinhos + 1
58%
Marquinhos
54%
Ashley Cole
22%
Bastian Schweinsteiger
21%
Paco Gento
19%
Jose Antonio Reyes
7%
No matching quizzes found
Score Distribution
Percent of People with Each Score
Percentile by Number Answered
Your Score History
You have not taken this quiz